| 000 | 00480nam a22001457a 4500 | ||
|---|---|---|---|
| 005 | 20161223113641.0 | ||
| 008 | 161223b xxu||||| |||| 00| 0 eng d | ||
| 040 | _cPK-LaUMT | ||
| 082 |
_a291 _bMAZ-I |
||
| 100 | _aمظہرالدین صدیقی ، محمد | ||
| 245 |
_aاسلام اور مزاہب عالم _bتقابلی مطلعہ _cمحمد مظھرالدین صدیقی |
||
| 260 |
_aلاہور _bادارہ ثقافت اسلامیہ _c2014 |
||
| 300 | _a246 ص | ||
| 942 | _cBK | ||
| 999 |
_c89396 _d89396 |
||